000 00467nam a22001577a 4500
999 _c524664
_d524664
003 NUST
038 _aMr. Zahoor
082 _a621.3
100 _aRameez Khan
_915465
245 _aSampled Data Control of Non-Linear System Using Extended Order High Gain Observer /
_cRameez Khan
260 _aIslamabad :
_bCEME - NUST,
_c2014.
300 _axii, 53 p. : ill. ;
_c30 cm.
500 _aHardcover.
600 _2Electrical Engineering - MS Thesis
942 _2ddc
_cTHE